|
|
|
|
| LEADER |
00000nab a2200000 a 4500 |
| 001 |
vtls000410553 |
| 003 |
SK-MaSNL |
| 005 |
20260304015143.0 |
| 008 |
230313c1991 xo 0 slo |
| 015 |
|
|
|a SNBRB19rr/mm-uuuuu
|
| 035 |
|
|
|a CL0410677
|
| 035 |
|
|
|a urn:nbn:sk:snk-abbll2
|
| 035 |
|
|
|a (urnnbn)urn:nbn:sk:snk:ar-0049ay
|
| 035 |
|
|
|a (uuid)ca08ce0a-be9a-4463-8cff-09c1c52b1967
|
| 040 |
|
|
|a SNKBUCL
|b slo
|c SNKBUCL
|e AACR2
|
| 041 |
1 |
|
|a slo
|h ger
|
| 044 |
|
|
|a xo
|c SK
|
| 080 |
|
|
|a 830-1
|2 1981
|
| 100 |
1 |
|
|a Lessing, Gotthold Ephraim,
|d 1729-1781
|4 aut
|9 105844
|
| 245 |
1 |
0 |
|a Múdry Nathan
|c Gotthold Ephraim Lessing ; preložil Ján Boor
|
| 655 |
|
7 |
|a články z novín a časopisov
|2 snkbucl
|9 267496
|
| 655 |
|
7 |
|a články z odboru literárna veda a krásna literatúra
|2 snkbucl
|9 770045
|
| 655 |
|
7 |
|a nemecká poézia
|2 snkbucl
|9 70490
|
| 700 |
1 |
|
|a Boor, Ján,
|d 1915-2002
|4 trl
|9 88134
|
| 773 |
0 |
|
|t Revue svetovej literatúry
|g Roč. 27, č. 1 (1991), s. 95-99
|
| 850 |
|
|
|a Slovenská národná knižnica v Martine
|a MTA001
|
| 852 |
|
|
|a SNK
|b KIS3GCP
|
| 954 |
|
|
|a beletria cudzojazyčná (svetová)
|2 lita
|
| 958 |
|
|
|a RK
|
| 958 |
|
|
|a LX
|
| 958 |
|
|
|a DE
|
| 958 |
|
|
|a OND
|
| 958 |
|
|
|a EUIPO
|
| 958 |
|
|
|a article15
|
| 999 |
|
|
|c 2589986
|d 2591916
|